| 000 | 00513cam a2200205ua 4500 | ||
|---|---|---|---|
| 001 | 1869 | ||
| 008 | 110811n ii |||gr||||Z||||||eng | ||
| 020 | _a81-7096-811-9 | ||
| 040 | _cMAIN | ||
| 082 | _a371.3 | ||
| 100 |
_aDas, Bishnu Charan, _eAuthor. |
||
| 245 | 1 |
_aMicro teaching _cby Bishnu Charan Das |
|
| 250 | _a1st. | ||
| 260 |
_aLudhiana: _bKalyani publishers, _c2007. |
||
| 300 |
_a103p: _c23cm. |
||
| 653 | _aEducation | ||
| 653 | _aMicro teaching | ||
| 700 |
_aGogoi, Basanta, _eAuthor. |
||
| 942 | _cBK | ||
| 999 |
_c1749 _d1749 |
||